Will Nawaz Sharif's third tenure be different (Record no. 106274)

000 -LEADER
fixed length control field 00426pab a2200169 454500
008 - FIXED-LENGTH DATA ELEMENTS--GENERAL INFORMATION
fixed length control field 180718bDec xxu||||| |||| 00| 0 eng d
100 ## - MAIN ENTRY--PERSONAL NAME
Personal name Rais, Rasul Bakhsh
245 ## - TITLE STATEMENT
Title Will Nawaz Sharif's third tenure be different
260 ## - PUBLICATION, DISTRIBUTION, ETC.
Date of publication, distribution, etc. Dec
300 ## - PHYSICAL DESCRIPTION
Extent p.14-19.
362 ## - DATES OF PUBLICATION AND/OR SEQUENTIAL DESIGNATION
Dates of publication and/or sequential designation Dec
650 ## - SUBJECT ADDED ENTRY--TOPICAL TERM
Topical term or geographic name entry element Pakistan - Politics and government
650 ## - SUBJECT ADDED ENTRY--TOPICAL TERM
Topical term or geographic name entry element Politics and government
773 ## - HOST ITEM ENTRY
Main entry heading Seminar
908 ## - PUT COMMAND PARAMETER (RLIN)
Put command parameter N
909 ## -
-- 106279
Holdings
Withdrawn status Lost status Damaged status Not for loan Permanent Location Current Location Date acquired Serial Enumeration / chronology Barcode Date last seen Price effective from Koha item type
        Indian Institute of Public Administration Indian Institute of Public Administration 2018-07-19 Volume no: 664, AR106739 2018-07-19 2018-07-19 Articles

Powered by Koha